000 01235pam a2200373 a 4500
001 9123
003 FISKH
005 20251124102351.0
008 960522s1997 maua b 000 0 eng
010 _a 96022171
020 _a0395836212
020 _a9780439195683
020 _a9780395836217
035 _a2579452
040 _aDLC
_cDLC
_dDLC
_beng
050 0 0 _aQL762
_b.C64 1997
082 0 0 _a591.56
_220
100 1 _aCollard, Sneed B.
245 1 0 _aAnimal dads /
_cSneed B. Collard III ; illustrated by Steve Jenkins.
260 _aBoston :
_bHoughton Mifflin,
_c1997.
300 _a1 v. (unpaged) :
_bcol. ill. ;
_c26 cm.
505 _aS
520 _aIllustrations and simple text describe how the males of different species help take care of their young.
521 8 _a790
_bLexile AD
521 8 _aS
_bRaz-Plus
650 0 _aParental behavior in animals
_vJuvenile literature.
650 1 _aParental behavior in animals.
650 1 _aAnimal behavior.
655 7 _aLiterature.
_2lcgft
_0https://id.loc.gov/authorities/genreForms/gf2014026415
700 1 _aJenkins, Steve,
_d1952-2021,
_eillustrator
906 _a7
_bcbc
_corignew
_d1
_eocip
_f19
_gy-gencatlg
942 _2ddc
_cBK
_n0
999 _c9123
_d9123